Online
Catalog

Obras completas de Marco Tulio Cicerón : (Record no. 18795)

MARC details
000 -CABECERA
campo de control de longitud fija 01096nam a2200277 a 4500
001 - NÚMERO DE CONTROL
campo de control 000019277
005 - FECHA Y HORA DE LA ÚLTIMA TRANSACCIÓN
campo de control 20200929165953.0
008 - DATOS DE LONGITUD FIJA--INFORMACIÓN GENERAL
campo de control de longitud fija 100531s1917 sp 000 m spa d
040 ## - FUENTE DE LA CATALOGACIÓN
Centro catalogador/agencia de origen DO-SdBNP
Lengua de catalogación spa
Centro/agencia transcriptor BNPHU
082 ## - NÚMERO DE LA CLASIFICACIÓN DECIMAL DEWEY
Número de clasificación 885.1
Número de documento/Ítem C568ó
049 ## - FONDOS LOCALES (OCLC)
Fondos de biblioteca BNGR
100 1# - ENTRADA PRINCIPAL--NOMBRE DE PERSONA
Nombre de persona Cicerón, Marcus Tullius,
Fechas asociadas al nombre 106 a.C.-43 a.C.
9 (RLIN) 41462
245 10 - MENCIÓN DE TÍTULO
Título Obras completas de Marco Tulio Cicerón :
Resto del título Vida y discursos /
Mención de responsabilidad, etc. Marco Tulio Cicerón ; traducción de Díaz Tendero, Fernández Llera y Calvo.
260 ## - PUBLICACIÓN, DISTRIBUCIÓN, ETC.
Lugar de publicación, distribución, etc. Madrid :
Nombre del editor, distribuidor, etc. Librería de Perlado Páez (Sucesores de Hernando),
Fecha de publicación, distribución, etc. 1917.
300 ## - DESCRIPCIÓN FÍSICA
Extensión v. ;
Dimensiones 18 cm.
490 1# - MENCIÓN DE SERIE
Mención de serie Biblioteca clásica
Designación de volumen o secuencia 202-206
500 ## - NOTA GENERAL
Nota general Incluye referencias bibliográficas y notas al pie de las páginas
600 10 - PUNTO DE ACCESO ADICIONAL DE MATERIA--NOMBRE DE PERSONA
Nombre de persona CICERÓN, MARCO TULIO,
Fechas asociadas al nombre 106 a.C.-43 a. C.
Subdivisión general COLECCIONES DE ESCRITOS
9 (RLIN) 41467
650 #4 - PUNTO DE ACCESO ADICIONAL DE MATERIA--TÉRMINO DE MATERIA
Término de materia o nombre geográfico como elemento de entrada Oratoria griega
9 (RLIN) 25554
650 #4 - PUNTO DE ACCESO ADICIONAL DE MATERIA--TÉRMINO DE MATERIA
Término de materia o nombre geográfico como elemento de entrada Retórica antigua
9 (RLIN) 35130
650 #4 - PUNTO DE ACCESO ADICIONAL DE MATERIA--TÉRMINO DE MATERIA
Término de materia o nombre geográfico como elemento de entrada Literatura griega
9 (RLIN) 2386
700 1# - PUNTO DE ACCESO ADICIONAL--NOMBRE DE PERSONA
Nombre de persona Tendero, Díaz,
Término indicativo de función/relación tr.
9 (RLIN) 41463
700 1# - PUNTO DE ACCESO ADICIONAL--NOMBRE DE PERSONA
Nombre de persona Llera y Calvo, Fernández,
Término indicativo de función/relación tr.
9 (RLIN) 41464
830 #0 - PUNTO DE ACCESO ADICIONAL DE SERIE-TÍTULO UNIFORME
Título uniforme Biblioteca clásica ;
Número de parte o sección de la obra 202-206
9 (RLIN) 41468
910 ## - DATOS DE OPCIÓN DEL USUARIO (OCLC)
Datos de opción del usuario WM
Holdings
Estado de retiro Estado de pérdida Restricciones de uso No para préstamo Código de colección Localización permanente Ubicación/localización actual Ubicación en estantería Fecha de adquisición Número de inventario Total de préstamos Signatura topográfica completa Código de barras Fecha visto por última vez Precio válido a partir de Tipo de ítem Koha
        Monografías: Libros y Folletos General General Depósito 31.05.2010 LF1   885.1 C568ó | v.1 19277-10 25.06.2020 25.06.2020 Préstamo en sala
        Monografías: Libros y Folletos General General Depósito 31.05.2010 LF1   885.1 C568ó | v.2 19277-20 25.06.2020 25.06.2020 Préstamo en sala
        Monografías: Libros y Folletos General General Depósito 31.05.2010 LF1   885.1 C568ó | v. 3 19277-30 25.06.2020 25.06.2020 Préstamo en sala
        Monografías: Libros y Folletos General General Depósito 31.05.2010 LF1   885.1 C568ó | v. 4 19277-40 25.06.2020 25.06.2020 Préstamo en sala

Powered by Koha